Social work futures : (Record no. 49621)
[ view plain ]
| 000 -LEADER | |
|---|---|
| fixed length control field | 01555cam a22003494a 4500 |
| 001 - CONTROL NUMBER | |
| control field | 49621 |
| 003 - CONTROL NUMBER IDENTIFIER | |
| rucl marc code | BD-RjUL |
| 005 - DATE AND TIME OF LATEST TRANSACTION | |
| control field | 20211209054714.0 |
| 008 - FIXED-LENGTH DATA ELEMENTS--GENERAL INFORMATION | |
| fixed length control field | 160821s2005 enka b 001 0 eng |
| 020 ## - INTERNATIONAL STANDARD BOOK NUMBER | |
| International Standard Book Number | 1403916144 (pbk.) |
| 035 ## - SYSTEM CONTROL NUMBER | |
| System control number | BD-RjUL49740 |
| 040 ## - CATALOGING SOURCE | |
| Original cataloging agency | DLC |
| Transcribing agency | DLC |
| Modifying agency | BWKUK |
| -- | OCL |
| -- | BAKER |
| -- | DLC |
| Language of cataloging | eng |
| 041 ## - LANGUAGE CODE | |
| Language code of text/sound track or separate title | eng |
| 082 00 - DEWEY DECIMAL CLASSIFICATION NUMBER | |
| Classification number | 361.30941 |
| Edition number | 22 |
| Author mark and year | SOC 2005 |
| 245 00 - TITLE STATEMENT | |
| Title | Social work futures : |
| Remainder of title | crossing boundaries, transforming practice / |
| Statement of responsibility, etc. | edited by Robert Adams, Lena Dominelli and Malcolm Payne ; consultant editor, Jo Campling. |
| 260 ## - PUBLICATION, DISTRIBUTION, ETC. (IMPRINT) | |
| Place of publication, distribution, etc. | Houndmills, Basingstoke, Hampshire : |
| -- | New York : |
| Name of publisher, distributor, etc. | Palgrave Macmillan, |
| Date of publication, distribution, etc. | 2005. |
| 300 ## - PHYSICAL DESCRIPTION | |
| Pagination | xxvi, 342 p. : |
| Illustrations | ill. ; |
| Size | 24 cm. |
| 504 ## - BIBLIOGRAPHY, ETC. NOTE | |
| Bibliography, etc | Includes bibliographical references (p. 300-328) and indexes. |
| 650 #0 - SUBJECT ADDED ENTRY--TOPICAL TERM | |
| Topical term or geographic name as entry element | Social service |
| Geographic subdivision | Great Britain. |
| 9 (RLIN) | 146774 |
| Topical term or geographic name as entry element | Social work education |
| Geographic subdivision | Great Britain. |
| 9 (RLIN) | 148800 |
| Topical term or geographic name as entry element | Social workers |
| General subdivision | Training of |
| Geographic subdivision | Great Britain. |
| 9 (RLIN) | 148801 |
| Topical term or geographic name as entry element | Social service |
| General subdivision | Research |
| Geographic subdivision | Great Britain. |
| 9 (RLIN) | 145901 |
| 700 1# - ADDED ENTRY--PERSONAL NAME | |
| Personal name | Adams, Robert, |
| Dates associated with a name | 1944- |
| Personal name | Dominelli, Lena. |
| Personal name | Payne, Malcolm, |
| Dates associated with a name | 1947- |
| Personal name | Campling, Jo. |
| 856 42 - ELECTRONIC LOCATION AND ACCESS | |
| Materials specified | Contributor biographical information |
| Uniform Resource Identifier | <a href="http://www.loc.gov/catdir/enhancements/fy0624/2005045728-b.html">http://www.loc.gov/catdir/enhancements/fy0624/2005045728-b.html</a> |
| Materials specified | Publisher description |
| Uniform Resource Identifier | <a href="http://www.loc.gov/catdir/enhancements/fy0624/2005045728-d.html">http://www.loc.gov/catdir/enhancements/fy0624/2005045728-d.html</a> |
| Materials specified | Table of contents only |
| Uniform Resource Identifier | <a href="http://www.loc.gov/catdir/enhancements/fy0624/2005045728-t.html">http://www.loc.gov/catdir/enhancements/fy0624/2005045728-t.html</a> |
| 942 ## - ADDED ENTRY ELEMENTS (KOHA) | |
| Source of classification or shelving scheme | Dewey Decimal Classification |
| Koha item type | Books |
| Lost status | Source of classification or shelving scheme | Damaged status | Not for loan | Collection code | Permanent Location | Current Location | Shelving location | Date acquired | Source of acquisition | Cost, normal purchase price | Total Checkouts | Full call number | Date last seen | Copy number | Koha item type |
|---|---|---|---|---|---|---|---|---|---|---|---|---|---|---|---|
| Dewey Decimal Classification | Non-fiction | Central Library, University of Rajshahi | Central Library, University of Rajshahi | 19/02/2011 | Paragon Enterprises Dhaka | 22.99 | 361.30941 SOC 2005 | 21/08/2016 | C-2 | Books | |||||
| Dewey Decimal Classification | Non-fiction | Central Library, University of Rajshahi | Central Library, University of Rajshahi | 19/02/1911 | Dhaka paragon enterprises ltd. | 22.99 | 361.30941 SOC 2005 | 01/10/2016 | C-3 | Books | |||||
| Dewey Decimal Classification | Not For Loan | Non-fiction | Central Library, University of Rajshahi | Central Library, University of Rajshahi | Reading Room | 19/02/2011 | Dhaka, Paragon Enterprises Ltd. | 22.99 | 361.30941 SOC 2005 | 26/12/2016 | C-1 | Books |